FC 24 Foundations - Statistics

General Stats
  • This quiz has been taken 4 times
    3 since last reset
  • The average score is 36 of 54
Answer Stats
rat pos club player % Correct
Foundations 85 CM Atlético Madrid Femenino Estefanía Banini
100%
Foundations 83 LB FC Twente Gijs Smal
100%
Foundations 84 CM Leicester City Kieran Drewsbury-Hall
100%
Foundations 84 RW Paris Saint-Germain Sandy Baltimore
100%
Foundations 83 CB Al-Taawoun Andrei Girotto
67%
Foundations 85 CM FC Dallas Asier Illarramendi
67%
Foundations 85 LM KC Current Cece Kizer
67%
Foundations 85 ST Ajax Chuba Akpom
67%
Foundations 84 LM Excelsior Rotterdam Couhaib Driouech
67%
Foundations 85 LW Al Fateh Cristian Tello
67%
Foundations 84 ST Sevilla Femenino Cristina Martín-Prieto
67%
Foundations 84 CM Colombus Crew Darlington Nagbe
67%
Foundations 83 ST NJ/NY Gotham Delanie Sheehan
67%
Foundations 84 RM Montpellier Féminines Faustine Robert
67%
Foundations 83 CB Fatih Karagümrük Federico Ceccherini
67%
Foundations 84 RB Fenerbahçe Ferdi Kadioglu
67%
Foundations 85 CF Leeds United Georginio Rutter
67%
Foundations 85 LB Kansas City Current Hailie Mace
67%
Foundations 85 RM Rio Ave Hernâni
67%
Foundations 85 CDM FC Barcelona Femení Ingrid Syrstad Engen
67%
Foundations 83 CM Watford Ismaël Koné
67%
Foundations 85 CAM Al-Khaleej Ivo Rodrigues
67%
Foundations 85 CM SC Freiburg Women Janina Minge
67%
Foundations 84 CB Chelsea Women Jesse Carter
67%
Foundations 85 LM Seattle Sounders Jordan Morris
67%
Foundations 85 CM FC Fleury 91 Léa Le Garrec
67%
Foundations 85 CDM Alanyaspor Leroy Fer
67%
Foundations 85 RB Eintracht Frankfurt Women Letícia Santos
67%
Foundations 85 LW Arsenal Women Lina Hurtig
67%
Foundations 85 RM New York Red Bulls Luquinhas
67%
Foundations 84 RB VfL Wolfsburg Women Lynn Wilms
67%
Foundations 84 RB Al-Ittihad Madallah Al Olayan
67%
Foundations 83 RB EAG Féminines Manon Revelli
67%
Foundations 85 ST Tottenham Hotspur Women Martha Thomas
67%
Foundations 85 CB Southampton Mason Holgate
67%
Foundations 84 CB Sporting Lisbon Matheus Reis
67%
Foundations 84 LW Trabzonspor Mislav Oršić
67%
Foundations 85 ST Al-Ettifaq Moussa Dembélé
67%
Foundations 85 ST HAC Féminines Nadjma Ali Nadjim
67%
Foundations 84 RB Portland Thorns Natalia Kuikka
67%
Foundations 84 LM SV Werder Bremen Frauen Nina Lührßen
67%
Foundations 83 CB Sporting de Huelva Patri Ojeda
67%
Foundations 84 RWB Sporting Lisbon Ricardo Esgaio
67%
Foundations 85 CM SC Braga Rodrigo Zalazar
67%
Foundations 83 CAM Sivasspor Samuel Sáiz
67%
Foundations 85 RM Liverpool Women Shanice van de Sanden
67%
Foundations 84 LW Leicester City Stephy Mavdidi
67%
Foundations 83 CM Brighton & Hove Albion Women Vicky Losada
67%
Foundations 85 RB AZ Alkmaar Yukinari Sugawara
67%
Foundations 83 ST FC Porto Danny Loader
33%
Foundations 83 GK NEC Nijmegen Jasper Cilessen
33%
Foundations 83 RW TSG Hoffenheim Frauen Jill Janssens
33%
Foundations 83 RB Charlotte FC Nathan Byrne
33%
Foundations 83 LW UD Granadilla Tenerife Rinsola Babajide
33%
No matching quizzes found
Score Distribution
Percent of People with Each Score
Percentile by Number Answered
Your Score History
You have not taken this quiz since the last reset